00585nam a2200181Ia 4500008004100000041000800041082002100049100001800070245004600088260004200134300000800176365000700184500000700191520000800198650003600206999001900242952014200261230516s9999 xx 000 0 und d aeng a315.321bCRA/SIM aCRAKER, SIMON aHERBS SPICES AND MEDICINAL PLANTS VOL.III bC.B.S. PUBLISHERS & DISTRUTORS c2002 a220 h23 aPB aPGY aPHARMACOGNOSY & PHYTHOCHEMISTRY c363591d363591 00104070aPCMbPCMd2023-05-16eSHREE GANESH BOOK SERVICE g995.00l0o315.321 CRA/SIMpPCM-B-1338r2023-05-16 00:00:00w2023-05-16yBK